LIBRARY & INFORMATION CENTRE, KCAET, TAVANUR

ONLINE PUBLIC ACCESS CATALOGUE (OPAC)

Introduction to discrete mathematics / (Record no. 13948)

MARC details
000 -LEADER
fixed length control field 00365cam a2200145 a 4500
020 ## - INTERNATIONAL STANDARD BOOK NUMBER
ISBN 0070185662
082 00 - DEWEY DECIMAL CLASSIFICATION NUMBER
Classification number 510
Item number DYM/IN
100 1# - MAIN ENTRY--AUTHOR NAME
Personal name Dymàček, Wayne M.
245 10 - TITLE STATEMENT
Title Introduction to discrete mathematics /
260 ## - PUBLICATION, DISTRIBUTION, ETC. (IMPRINT)
Place of publication New York :
Name of publisher McGraw-Hill,
Year of publication 1998.
300 ## - PHYSICAL DESCRIPTION
Number of Pages xxi, 690 p. :
Other physical details ill. ;
650 #0 - SUBJECT ADDED ENTRY--TOPICAL TERM
Topical Term Mathematics.
700 1# - ADDED ENTRY--PERSONAL NAME
Personal name Sharp, Henry,
942 ## - ADDED ENTRY ELEMENTS (KOHA)
Koha item type Books
Holdings
Withdrawn status Lost status Damaged status Collection code Home library Current library Shelving location Date acquired Source of acquisition Cost, normal purchase price Full call number Accession Number Koha item type
      Non-fiction KAUAET KAUAET General Stacks 30/03/2013 Calicut Book Distributors 695.00 510 DYM/IN 23746 Books
free website counter